Karl Marx : (Record no. 52617)

MARC details
000 -LEADER
campo de control de longitud fija 01469nam a2200277 4500
001 - NÚMERO DE CONTROL
campo de control 125650
005 - FECHA Y HORA DE LA ÚLTIMA TRANSACCIÓN
campo de control 20230410120826.0
008 - DATOS DE LONGITUD FIJA--INFORMACIÓN GENERAL
campo de control de longitud fija 850919s1967 nyu b 001 0beng
035 ## - NÚMERO DE CONTROL DEL SISTEMA
-- (DLC) 67024047
035 ## - NÚMERO DE CONTROL DEL SISTEMA
Número de control de sistema 2644708
010 ## - NÚMERO DE CONTROL DE LA BIBLIOTECA DEL CONGRESO
Número de control de LC 67024047
040 ## - FUENTE DE CATALOGACIÓN
Centro catalogador/agencia de origen DLC
Centro/agencia transcriptor DLC
Centro/agencia modificador DLC
042 ## - CÓDIGO DE AUTENTICACIÓN
Código de autenticación lcac
050 14 - SIGNATURA TOPOGRÁFICA DE LA BIBLIOTECA DEL CONGRESO
Número de clasificación HX 39.5
Número de ítem C287k 1967
082 00 - NÚMERO DE LA CLASIFICACIÓN DECIMAL DEWEY
Número de clasificación 335.4/0924
100 1# - ENTRADA PRINCIPAL--NOMBRE DE PERSONA
Nombre de persona Carmichael, Joel.
245 10 - MENCIÓN DEL TÍTULO
Título Karl Marx :
Resto del título the passionate logician /
Mención de responsabilidad, etc. by Joel Carmichael.
260 ## - PUBLICACIÓN, DISTRIBUCIÓN, ETC.
Lugar de publicación, distribución, etc. New York :
Nombre del editor, distribuidor, etc. Charles Scribner's sons ,
Fecha de publicación, distribución, etc. [1967]
300 ## - DESCRIPCIÓN FÍSICA
Extensión viii, 262 p. ;
Dimensiones 22 cm.
504 ## - NOTA DE BIBLIOGRAFÍA, ETC.
Nota de bibliografía, etc. Includes bibliographical references (p. [251]) and index.
505 0# - NOTA DE CONTENIDO CON FORMATO
Nota de contenido con formato Childhood and youth -- Intellectual beginnings : Hegel : the young Hegelians -- Journalism : a conversion to socialism : Paris -- Marx becomes a full-fledged socialist -- The road to exile : Belgium : 1848 -- The Watershed : exile and decline -- A return to practice : a consummation of theory -- Epilogue : last days.
520 ## - RESUMEN, ETC.
Sumario, etc. This biography gives us an illuminating portrait of "a man engaged in a strange kind of struggle, in its own way highly personal, whose consequences could scarcely have been foreseen." In tracing the development of Marx's ideas, Mr. Carmichael shows how they were related to that personal struggle, and how varying interpretations of them have come to govern the lives of a third of mankind.
600 10 - PUNTO DE ACCESO ADICIONAL DE MATERIA--NOMBRE DE PERSONA
Nombre de persona Marx, Karl,
Fechas asociadas al nombre 1818-1883.
942 ## - ELEMENTOS DE ENTRADA SECUNDARIOS (KOHA)
Fuente del sistema de clasificación o colocación Clasificación de Library of Congress
Tipo de ítem Koha
946 ## - PROCESAMIENTO DE INFORMACIÓN LOCAL (OCLC)
a rsfv
Holdings
Estatus retirado Estado de pérdida Fuente del sistema de clasificación o colocación Estado de daño No para préstamo Colección Biblioteca de origen Biblioteca actual Ubicación en estantería Fecha de adquisición Serial enumeration / chronology Signatura topográfica completa Código de barras Visto por última vez Copia número Tipo de ítem Koha
    Clasificación de Library of Congress     Ciencias Sociales Biblioteca Juan Bosch Biblioteca Juan Bosch Ciencias Sociales (3er. Piso) 10/04/2023 3 HX 39.5 C287k 1967 00000118890 24/10/2018 1